[Event "Vårturneringarna Sanktionerad"]
[Site "Linköping"]
[Date "2015.05.17"]
[Round "7"]
[White "Andersson, Görgen"]
[Black "Ivarsson, Simon"]
[Result "1/2-1/2"]
[WhiteElo "1827"]
[BlackElo "1651"]
[PlyCount "87"]
[EventDate "2015.05.14"]
[EventType "tourn"]
[EventRounds "7"]
[EventCountry "SWE"]
[SourceDate "2015.05.14"]

1. d4 Nf6 2. Bg5 d5 3. Bxf6 exf6 4. g3 Bb4+ 5. c3 Ba5 6. b4 Bb6 7. Bg2 a5 8. e3
O-O 9. Ne2 axb4 10. cxb4 c6 11. O-O Re8 12. Qb3 Be6 13. Nbc3 Nd7 14. Rfc1 Qe7
15. a3 Bg4 16. Nf4 g5 17. Nd3 f5 18. Na4 Bc7 19. Bxd5 Nf6 20. Bg2 f4 21. exf4
gxf4 22. Re1 Be6 23. Qc2 fxg3 24. hxg3 Qd7 25. Nac5 Qxd4 26. Nxe6 Rxe6 27. Rxe6
fxe6 28. Re1 Rxa3 29. Nc5 Rxg3 30. Nxe6 Rxg2+ 31. Kxg2 Qg4+ 32. Kf1 Qh3+ 33.
Ke2 Qxe6+ 34. Kd1 Qd5+ 35. Kc1 Bf4+ 36. Kb1 Bd6 37. Rd1 Qe6 38. Qd2 Qe4+ 39.
Ka2 Qc4+ 40. Ka3 Nd5 41. Qg5+ Kf8 42. Qf5+ Ke8 43. Qc8+ Kf7 44. Qf5+ 1/2-1/2

[Event "Vårturneringarna Sanktionerad"]
[Site "Linköping"]
[Date "2015.05.17"]
[Round "7"]
[White "Gasparini, Osvaldo"]
[Black "Carlsson, Andreas"]
[Result "0-1"]
[WhiteElo "1148"]
[BlackElo "1548"]
[PlyCount "54"]
[EventDate "2015.05.14"]
[EventType "tourn"]
[EventRounds "7"]
[EventCountry "SWE"]
[SourceDate "2015.05.14"]

1. d4 Nf6 2. c4 e6 3. Nf3 b6 4. Bf4 Bb7 5. a3 c5 6. e3 Nc6 7. Nc3 d5 8. cxd5
Nxd5 9. Nb5 a6 10. Nc3 Nxf4 11. exf4 Nxd4 12. Be2 Be7 13. Rc1 O-O 14. h4 Bf6
15. h5 Qc7 16. Bd3 Qxf4 17. Ne2 Nxf3+ 18. gxf3 Qxf3 19. Rg1 Rfd8 20. Bxh7+ Kxh7
21. Qc2+ Be4 22. Qa4 Bh4 23. Rf1 Rd6 24. Rd1 Rad8 25. Nc3 b5 26. Qb3 c4 27. Qb4
Rxd1+ 0-1

[Event "Vårturneringarna Sanktionerad"]
[Site "Linköping"]
[Date "2015.05.17"]
[Round "7"]
[White "Svensson, Håkan"]
[Black "Ambrus, Patrick"]
[Result "1-0"]
[WhiteElo "2066"]
[BlackElo "1310"]
[PlyCount "35"]
[EventDate "2015.05.14"]
[EventType "tourn"]
[EventRounds "7"]
[EventCountry "SWE"]
[SourceDate "2015.05.14"]

1. e4 e6 2. d4 d5 3. Nc3 dxe4 4. Nxe4 c6 5. Nf3 Be7 6. Bd3 Nd7 7. O-O Ngf6 8.
Neg5 Qc7 9. Re1 b5 10. Qe2 Nf8 11. Ne5 Bd6 12. Ngxf7 Bxe5 13. Nxe5 Qd6 14. c3
Bb7 15. Bf4 Qd5 16. Qf3 Qxf3 17. Nxf3 O-O-O 18. Ng5 1-0